Análisis de Aguas y Desagües / (Record no. 23028)

000 -CABECERA
fixed length control field 01154nam a22002657i 4500
003 - IDENTIFICADOR DEL NÚMERO DE CONTROL
control field AR-CdUCM
008 - DATOS DE LONGITUD FIJA--INFORMACIÓN GENERAL
fixed length control field 240910b19981998 pe||||| |||| 00| 0 spa d
040 ## - FUENTE DE LA CATALOGACIÓN
Agencia/entidad que catalogó originalmente la obra MUNICIPALIDAD PROVINCIAL DEL CUSCO
Entidad que transcribió la catalogación BIBLIOTECA MUNICIPAL DEL CUSCO
082 ## - NÚMERO DE LA CLASIFICACIÓN DECIMAL DEWEY
No. de Clasificación 627.04 / J54
Notacion interna J54
100 ## - ENTRADA PRINCIPAL--NOMBRE DE PERSONA
Nombre Personal Jimeno Blasco, Enrique
245 ## - MENCIÓN DE TÍTULO
Título Análisis de Aguas y Desagües /
260 ## - PUBLICACIÓN, DISTRIBUCIÓN, ETC.
Lugar de publicación, distribución, etc. Lima :
Nombre de la editorial, distribuidor, etc. Edición Universidad Nacional de Ingeniería
Fecha de publicación, distribución, etc. 1998
300 ## - DESCRIPCIÓN FÍSICA
Nº de Páginas Extensión 248 páginas. :
Dimensiones 30 cm.
500 ## - NOTA GENERAL
Bibliografía Bibliografía: páginas 18-20
505 ## - NOTA DE CONTENIDO CON FORMATO
Nota de contenido formateada Introducción -- Factores de conversión -- Revisión de Conceptos de Química -- Conceptos Básicos de Matemáticas -- Ejercicios de Recapitulación -- Análisis de muestras de agua y desagüe -- Consideraciones importantes a tener en cuenta en la prácticas de laboratorio -- Recolección de muestras de aguas
650 ## - PUNTO DE ACCESO ADICIONAL DE MATERIA--TÉRMINO DE MATERIA
Descriptor Química orgánica
9 (RLIN) 21647
650 ## - PUNTO DE ACCESO ADICIONAL DE MATERIA--TÉRMINO DE MATERIA
Descriptor Tratamiento de aguas
9 (RLIN) 50340
650 ## - PUNTO DE ACCESO ADICIONAL DE MATERIA--TÉRMINO DE MATERIA
Descriptor Agua y salud
9 (RLIN) 50327
650 ## - PUNTO DE ACCESO ADICIONAL DE MATERIA--TÉRMINO DE MATERIA
Descriptor Matemáticas
9 (RLIN) 9398
650 ## - PUNTO DE ACCESO ADICIONAL DE MATERIA--TÉRMINO DE MATERIA
Descriptor Ingeniería sanitaria
9 (RLIN) 23453
650 ## - PUNTO DE ACCESO ADICIONAL DE MATERIA--TÉRMINO DE MATERIA
Descriptor Análisis químico
9 (RLIN) 50341
942 ## - ELEMENTOS DE PUNTO DE ACCESO ADICIONAL (KOHA)
Fuente de clasificación
Tipo de item Libros-BMC
945 ## - PROCESAMIENTO DE INFORMACIÓN LOCAL (OCLC)
Catalogador pbj
AAAA-MM-DD - Fecha de ingreso o modificacion 2024-09-10
Holdings
Estado de retiro (separado) Fuente de clasificación o esquema de estanterías Estado dañado Ubicación Sala donde se ubica Nombre de la colección Fecha de adquisición o compra Fuente de adquisición Costo, precio normal en soles Signatura topográfica Código de Barras Última vez visto (Koha) Tipo de ítem (Koha)
No     Sala Ciencias Sala Ciencias Book Cart 2024-09-10 Donación 45.00 627.04 / J54 SC0000002387 2024-09-10 Libros-BMC

Powered by Koha